书目信息 |
| 题名: |
書馨集
|
|
| 作者: | 刘钊 著 | |
| 分册: | ||
| 出版信息: | 上海 上海古籍出版社 2019.8 |
|
| 页数: | 500页, [4] 页图版 | |
| 开本: | 23cm | |
| 丛书名: | 出土文獻與古文字研究叢書 | |
| 单 册: | ||
| 中图分类: | G256.1 , H121 | |
| 科图分类: | ||
| 主题词: | 古文献学--中国--文集 , 汉字--古文字学--文集 | |
| 电子资源: | ||
| ISBN: | 978-7-5325-9283-8 | |
| 000 | 01378nam 2200373 45 | |
| 001 | 012001004138 | |
| 005 | 20140926142908.0 | |
| 010 | @a978-7-5325-9283-8@dCNY108.00 | |
| 099 | @aCAL 012019152051 | |
| 100 | @a20191012d2019 em y0chiy0110 ea | |
| 101 | 0 | @achi |
| 102 | @aCN@b310000 | |
| 105 | @aafk a 000yy | |
| 106 | @ar | |
| 200 | 1 | @a書馨集@Ashu xin ji@e出土文獻與古文字論叢@f劉釗著 |
| 210 | @a上海@c上海古籍出版社@d2019.8 | |
| 215 | @a500页, [4] 页图版@c图@d23cm | |
| 225 | 2 | @a出土文獻與古文字研究叢書@Achu tu wen xian yu gu wen zi yan jiu cong shu |
| 300 | @a其他题名:出土文獻與古文字論叢 | |
| 314 | @a刘钊, 复旦大学特聘教授, 教育部长江学者, 上海市领军人才, 中国古文字研究会秘书长等职。 | |
| 320 | @a有书目 | |
| 330 | @a该书是作者近年有关出土文献与古文字研究的文章结集。其中主要部分是对甲骨、铜器、简帛、兵器、玺印等字词的考释, 此外还有一些有关名物的考证, 另有个别涉及古代史、考古学、中国古典学重建等问题的论述, 也包括了一些书序和书评。 | |
| 410 | 0 | @12001 @a出土文獻與古文字研究叢書 |
| 461 | 0 | @12001 @a出土文獻與古文字研究叢書 |
| 517 | 1 | @a出土文獻與古文字論叢 |
| 518 | 1 | @a书馨集 |
| 606 | 0 | @a古文献学@y中国@j文集 |
| 606 | 0 | @a汉字@x古文字学@j文集 |
| 690 | @aG256.1@v5 | |
| 690 | @aH121@v5 | |
| 701 | 0 | @a刘钊@Aliu zhao@4著 |
| 730 | 1 | @a劉釗@Aliu zhao@4著 |
| 801 | @aCN@bAHXH@c20210922 | |
| 905 | @b1329586-9@dG256.1@e104@f4 | |
| 書馨集:出土文獻與古文字論叢/劉釗著.-上海:上海古籍出版社,2019.8 |
| 500页, [4] 页图版:图;23cm.-(出土文獻與古文字研究叢書) |
| 其他题名:出土文獻與古文字論叢 |
| ISBN 978-7-5325-9283-8:CNY108.00 |
| 该书是作者近年有关出土文献与古文字研究的文章结集。其中主要部分是对甲骨、铜器、简帛、兵器、玺印等字词的考释, 此外还有一些有关名物的考证, 另有个别涉及古代史、考古学、中国古典学重建等问题的论述, 也包括了一些书序和书评。 |
| ● |
| 相关链接 |
|
|
|
|
正题名:書馨集
索取号:G256.1/104
 
预约/预借
| 序号 | 登录号 | 条形码 | 馆藏地/架位号 | 状态 | 备注 |
| 1 | 1329586 | 213295860 | 第一样本阅览室/ [索取号:G256.1/104] | 在馆 | |
| 2 | 1329587 | 213295879 | 第四借阅区/ [索取号:G256.1/104] | 在馆 | |
| 3 | 1329588 | 213295888 | 第四借阅区/ [索取号:G256.1/104] | 在馆 | |
| 4 | 1329589 | 213295897 | 第四借阅区/ [索取号:G256.1/104] | 在馆 |